| 000 | 00756nam a2200229 a 4500 | ||
|---|---|---|---|
| 005 | 20250312063753.0 | ||
| 008 | 181212s2017 mx r 000 0 spa d | ||
| 020 | _a9786072809338 | ||
| 035 | _aUPN01000228304 | ||
| 049 | _aCG | ||
| 050 | 4 |
_aDT1755 _bS8.2 |
|
| 245 | 0 | 0 |
_aSudáfrica post-apartheid : _bnación, ciudadanía, movimientos sociales, gobierno, género, sexualidades / _ccoord. Mónica Inés Cejas. |
| 260 |
_aMéxico : _bUAM-X, _c2017. |
||
| 300 |
_a218 p. : _bil. col. |
||
| 440 | 0 | _aPublicaciones | |
| 650 | 4 |
_aNACIONALISMO - _zSUDAFRICA _927296 |
|
| 651 | 4 |
_aSUDAFRICA - _xPOLITICA Y GOBIERNO _927297 |
|
| 650 | 2 |
_aApartheid _zSudáfrica _xHistoria _926523 |
|
| 700 | 1 |
_aCeja, Mónica Inés, _ecoord. |
|
| 905 | _aLibro | ||
| 999 |
_c200399 _d200399 |
||